[Event "American Continental-ch 2018"]
[Site "Montevideo"]
[Date "2018.06.05"]
[Round "6"]
[White "Cruz, Cristhian"]
[Black "Donoso Diaz, Sebastian"]
[Result "0-1"]
[WhiteElo "2576"]
[BlackElo "2184"]
[Annotator "TA"]
[PlyCount "80"]
[EventDate "2018.??.??"]
[EventType "swiss"]
[EventCountry "URU"]
[SourceTitle "playchess.com"]
[Source "ChessBase"]
[SourceQuality "1"]

{[%evp 21,80,10,6,0,-10,-5,31,32,30,31,45,40,41,41,41,32,59,59,63,69,70,75,81,71,72,71,81,30,28,8,8,8,13,7,8,0,2,3,54,37,70,20,30,25,28,0,1,2,6,-100,-101,-120,-118,-200,-200,-542,-502,-472,-443,-838,-817]} 1. Nf3 d5 2. g3 Nf6 3. Bg2 e6 4. O-O Be7 5. c4 O-O 6. d4 dxc4 7. Ne5 Nc6 8. Bxc6 bxc6 9. Nxc6 Qe8 10. Nxe7+ Qxe7 11. b3 {E05: Open Catalan: 5 Nf3 Be7} cxb3 {LiveBook: 3 Games} (11... Rd8 12. bxc4 c5 13. Ba3 Qc7 14. Bxc5 Ne4 15. Qb3 Bb7 16. Qa3 Rdc8 17. Rd1 e5 18. Nc3 Nxc3 19. Qxc3 exd4 20. Bxd4 {½-½ (82) Vallejo Pons,F (2710)-Harikrishna,P (2750) Moscow 2017}) 12. Ba3 {[#]} b2 $1 {[%mdl 512]} 13. Bxb2 {Ba3 is the strong threat.The position is equal.} Qd7 $146 ({Predecessor:} 13... Rd8 14. Qc2 Bb7 15. Nd2 Rd7 16. Nb3 Be4 17. Qc1 Bf5 18. Nc5 Rd6 {0-1 (51) Jumanov,E-Khamidov,K (1958) Vung Tau 2008}) 14. Nd2 {[%cal Bb1d2,Bd2b3,Bb3c5][%mdl 32]} Bb7 15. f3 Rfd8 16. Nb3 Bd5 17. Nc5 Qb5 18. Qc2 Rab8 19. Rfb1 Qc4 20. Rc1 Qxc2 21. Rxc2 Nd7 22. Na6 Rb6 23. Nxc7 Rc8 24. Rac1 (24. Bc1 $16) 24... Bxa2 $11 25. e4 Bb3 26. Rc3 h5 27. Ba3 a5 28. d5 a4 29. Kf2 Ne5 (29... exd5 $11 30. Nxd5 Rxc3 31. Rxc3 Rb5) 30. d6 Rcb8 31. h3 Nd7 32. f4 Ba2 33. R3c2 Bb1 34. Rc4 Nf6 35. Re1 (35. Na6 $11 {keeps the balance.} Rxa6 36. e5 Ne4+ 37. Kg2) 35... Rb3 $36 {[%mdl 2048] Black is really pushing.} 36. Na6 Rd8 {Hoping for ...Nxe4+.} 37. e5 {[#]} (37. Bc1 $17 {might work better.}) 37... Ne4+ $1 $19 {[%mdl 512]} 38. Kg2 $2 (38. Rexe4 Bxe4 39. Rxe4 Rxa3 40. Nc5) (38. Rcxe4 Bxe4) 38... Rxg3+ {Black is clearly winning.} 39. Kh2 Rxa3 40. Rd1 (40. Rxb1 $142 Nd2 41. Rbc1 Nxc4 42. Rxc4) 40... Bd3 {Precision: White = 49%, Black = 70%.} 0-1

[Event "American Continental-ch 2018"]
[Site "Montevideo"]
[Date "2018.06.05"]
[Round "6"]
[White "Pichot, Alan"]
[Black "Gemy, Jose Daniel"]
[Result "1-0"]
[WhiteElo "2564"]
[BlackElo "2393"]
[Annotator "TA"]
[PlyCount "79"]
[EventDate "2018.??.??"]
[EventType "swiss"]
[EventCountry "URU"]
[SourceTitle "playchess.com"]
[Source "ChessBase"]
[SourceQuality "1"]

{[%evp 16,79,29,17,29,35,62,67,60,22,27,19,19,25,57,50,72,66,78,51,76,76,225,58,186,108,325,339,448,377,352,355,335,50,50,52,81,55,73,65,133,137,240,238,206,207,228,66,66,71,98,92,92,30,41,32,106,93,499,498,470,462,526,503,29994,29995]} 1. e4 e5 2. Nf3 Nc6 3. Bc4 Bc5 4. c3 Nf6 5. d3 a6 6. Bb3 d6 7. O-O Ba7 8. Nbd2 O-O 9. h3 Kh8 {C54: Giuoco Piano: 4 c3 Nf6, main lines with 5 d4 and 5 d3} (9... Re8 10. Re1 Be6 11. Bc2 h6 12. Nf1 d5 13. exd5 Bxd5 14. Ng3 Qd7 15. Ne4 Nxe4 16. dxe4 Be6 17. Qxd7 Bxd7 18. a4 f6 19. Nd2 Be6 {½-½ (33) Onischuk,V (2637)-Anand,V (2782) Riadh 2017}) 10. Re1 Nh5 11. Nf1 Qf6 {White is slightly better.} 12. Be3 Nf4 13. d4 g5 $146 ({Predecessor:} 13... Qg6 14. Bxf4 exf4 15. Qd3 Ne7 16. Bc2 c5 17. N1h2 {1-0 (32) Ganguly,S (2646)-Wohl,A (2334) Canberra 2016}) 14. dxe5 dxe5 15. N3h2 Ne7 16. Ng4 Bxg4 17. Qxg4 Rfd8 18. Ng3 Qg6 (18... Ng8 $16) 19. h4 $2 ({Only move:} 19. Bxa7 $18 Rxa7 20. Rad1) 19... h6 (19... gxh4 $14 20. Qxh4 Bxe3 21. fxe3 Ne6) 20. hxg5 ({Better is} 20. Rad1 $1 $18 {Hoping for Bxa7.} Bxe3 21. fxe3) 20... hxg5 $2 (20... Bxe3 $16 {is a better defense.} 21. fxe3 Ne6) 21. Rad1 $18 Nd3 22. Nf5 Nxf5 23. exf5 Qh6 24. Re2 $2 ({Not} 24. Bxf7 Bxe3 25. Rxe3 Qh1+ 26. Kxh1 Nxf2+ 27. Kg1 Nxg4 $14) (24. Bxa7 $18 Nxe1 25. Bc5 (25. Rxe1 Rxa7 26. Bxf7 Raa8 $16) 25... Rxd1 26. Qxd1) 24... Bxe3 $14 25. fxe3 Nc5 26. Red2 $1 {[%cal Rd2d8]} Rxd2 27. Rxd2 Qf6 (27... Nxb3 $14 28. axb3 Kg7) 28. Bc2 $1 $16 {b4 is the strong threat.} Rd8 (28... b5 $16) 29. Rxd8+ $18 Qxd8 30. b4 $1 Nd7 31. f6 $2 (31. Qc4 $1 $18) 31... Nxf6 $14 32. Qxg5 Qd6 {[#]} 33. Bb3 $1 $36 {[%cal Rb3f7][%mdl 2048] Keeping Black busy.} Qe7 34. Qh6+ (34. a4 $16) 34... Kg8 $11 35. g4 {[%cal Bg2g4,Bg4g5,Bg5g6,Bg6f7][%mdl 32]} e4 {[#]} (35... c6 $14) 36. g5 $1 $16 {[%cal Rg5f6]} Ng4 $2 {[%mdl 8192]} (36... Nh7 $16 {is more resistant.}) 37. Qg6+ $1 $18 Kf8 38. Qh7 {[%cal Rh7h8]} Ke8 39. g6 {[%cal Rg6f7]} Qg5 (39... Qf6 $18 40. gxf7+ Ke7 41. f8=Q+ Kxf8 42. Qg8+ Ke7 43. Qxg4 Qxc3 44. Qxe4+ Kd8) 40. gxf7+ {Precision: White = 50%, Black = 21%.} 1-0

[Event "American Continental-ch 2018"]
[Site "Montevideo"]
[Date "2018.06.05"]
[Round "6"]
[White "Erenburg, Sergey"]
[Black "Xiong, Jeffery"]
[Result "1/2-1/2"]
[WhiteElo "2563"]
[BlackElo "2656"]
[Annotator "TA"]
[PlyCount "54"]
[EventDate "2018.??.??"]
[EventType "swiss"]
[EventCountry "URU"]
[SourceTitle "playchess.com"]
[Source "ChessBase"]
[SourceQuality "1"]

{[%evp 25,54,-5,-5,-5,-3,-7,-6,-6,3,-22,31,30,22,25,23,0,0,0,0,-6,0,0,0,-17,0,0,0,0,0,-51,-47]} 1. e4 e5 2. Nf3 Nc6 3. Bb5 Nf6 4. O-O Nxe4 5. d4 Nd6 6. Bxc6 dxc6 7. dxe5 Nf5 8. Qxd8+ Kxd8 9. h3 Bd7 {C67: Ruy Lopez: Berlin Defence: 4 0-0 Nxe4} (9... Ke8 10. Nc3 h5 11. Rd1 Be7 12. Ne2 Be6 13. Nf4 Bc8 14. Ne2 Be6 15. b3 a5 16. a4 Rd8 17. Bg5 Bd5 18. Bxe7 Kxe7 {1-0 (49) Vachier Lagrave,M (2793)-Nakamura,H (2781) Caleta 2018}) 10. Rd1 Be7 11. Nc3 Kc8 12. g4 Nh4 13. Nxh4 Bxh4 {LiveBook: 3 Games} 14. Bf4 b6 15. Kg2 h5 16. f3 Be7 $146 ({Predecessor:} 16... Be6 17. Bg3 {½-½ (32) Djukic,N (2529)-Codenotti,M (2385) Skopje 2015}) 17. Ne4 Be6 (17... c5 $11) 18. Bg5 $14 Re8 19. Bxe7 Rxe7 20. Ng3 ({Much worse is} 20. gxh5 Bd5 $15) 20... hxg4 21. hxg4 g6 22. b3 a5 23. a4 Kb7 24. Rd2 c5 25. c4 Bd7 26. Re1 Bc6 27. Kf2 (27. Re3 $11) 27... Rh8 {Precision: White = 50%, Black = 51%.} 1/2-1/2

[Event "American Continental-ch 2018"]
[Site "Montevideo"]
[Date "2018.06.05"]
[Round "6"]
[White "Perez Ponsa, Federico"]
[Black "Vazquez, Guillermo"]
[Result "1-0"]
[WhiteElo "2556"]
[BlackElo "2436"]
[Annotator "TA"]
[PlyCount "97"]
[EventDate "2018.??.??"]
[EventType "swiss"]
[EventCountry "URU"]
[SourceTitle "playchess.com"]
[Source "ChessBase"]
[SourceQuality "1"]

{[%evp 24,97,33,32,32,31,33,25,31,25,30,21,60,63,59,62,73,65,89,85,103,93,139,133,117,139,141,160,149,93,93,93,156,124,124,118,156,104,156,153,149,134,169,165,178,147,187,190,227,233,231,231,280,272,289,289,277,274,275,275,289,281,299,297,279,215,268,239,410,406,404,389,377,349,29972,29970]} 1. e4 c6 2. d4 d5 3. e5 Bf5 4. Nf3 e6 5. Be2 c5 6. Be3 cxd4 7. Nxd4 Ne7 8. O-O Nbc6 9. Bb5 {B12: Caro-Kann (Vorstoß-Variante)} a6 10. Bxc6+ bxc6 (10... Nxc6 11. Nxf5 exf5 12. c3 Be7 13. Nd2 Nxe5 14. Bd4 f6 15. Re1 Nc6 16. Nf1 Kf7 {½-½ (25) Bruzon Batista,L (2664)-Dreev,A (2653) Havana 2018}) 11. c4 Qd7 12. Nc3 dxc4 13. Na4 {[#] LiveBook: 11 Partien. Und weiter mit Sb6 wäre nett.} Nd5 14. Nxf5 exf5 15. Rc1 Be7 16. Bc5 $146 ({Vorgänger:} 16. Rxc4 O-O {½-½ (55) Fetisov,A (2357)-Suto,J (2426) ICCF email 2012}) 16... O-O 17. Rxc4 Qe6 18. Re1 Rfd8 {Droht ...Se3! und aus.} 19. Qc1 h6 20. Bxe7 Nxe7 21. Nc5 Qd5 22. e6 Qd2 23. exf7+ Kxf7 24. Qb1 Rd5 25. Rc2 Qf4 {[#]} 26. Rce2 (26. g3 $142 $1 {[%cal Rg3f4]} Qd6 27. b4) 26... Rxc5 $16 27. Rxe7+ Kf8 (27... Kg8 $142) 28. Qd1 Rc1 29. Qd7 $36 {[%mdl 2048] Droht Matt per Te8+. Schwarz muss aufpassen.} Rxe1+ 30. Rxe1 {[%mdl 4096] Endspiel KDT-KDT} Qb4 ({Lieber} 30... Kg8) 31. Qxf5+ Kg8 {[%cal Rb4e1]} 32. Re2 Kh8 33. g3 a5 34. Qf3 Qc4 35. b3 Qb5 36. Re6 Rc8 37. Qc3 Kh7 38. Re5 c5 39. Re7 {[%csl Ge7][%cal Rc3g7]} Rg8 40. Rc7 Qe2 41. a4 ({Nicht} 41. Qxa5 Qd1+ 42. Kg2 Qd5+ 43. f3 Re8 $11) ({Bloß nicht} 41. Qxc5 $6 Qxa2 42. Qf5+ Kh8 $16) 41... Qd1+ 42. Kg2 Qd5+ 43. Qf3 Qe5 44. Rf7 Kh8 45. Ra7 c4 $2 (45... Qe1 46. Qf4 Rd8) 46. bxc4 $18 Qc5 47. Ra8 Qxc4 48. Rxa5 Qb4 $2 (48... Qc8 $18 49. Rf5 Rd8) 49. Ra8 {Precision: Weiß = 88%, Schwarz = 38%.} 1-0

[Event "American Continental-ch 2018"]
[Site "Montevideo"]
[Date "2018.06.05"]
[Round "6"]
[White "Mekhitarian, Krikor Sevag"]
[Black "Varacalli, Francisco"]
[Result "1-0"]
[WhiteElo "2546"]
[BlackElo "2312"]
[Annotator "TA"]
[PlyCount "85"]
[EventDate "2018.??.??"]
[EventType "swiss"]
[EventCountry "URU"]
[SourceTitle "playchess.com"]
[Source "ChessBase"]
[SourceQuality "1"]

{[%evp 18,85,22,22,19,27,24,9,13,21,35,39,40,45,44,35,31,29,48,33,37,28,52,43,55,64,39,39,52,15,20,35,68,41,56,58,60,32,54,25,23,0,120,37,164,164,239,237,396,391,621,602,551,475,843,622,687,0,669,0,687,682,675,667,4898,1142,5118,5106,2162,1981]} 1. e4 e5 2. Nf3 Nc6 3. Bb5 Nf6 4. O-O d6 5. Nc3 Bd7 6. d4 exd4 7. Nxd4 Be7 8. Bxc6 bxc6 9. Qf3 O-O 10. h3 {LiveBook: 7 Games} c5 {C66: Ruy Lopez: Steinitz Defence} 11. Nf5 Bxf5 12. Qxf5 Nd7 {The position is equal.} 13. Bd2 $146 ({Predecessor:} 13. Nd5 Nb6 14. Ne3 Re8 15. e5 Qc8 16. Qxc8 Raxc8 17. exd6 cxd6 18. Rd1 {½-½ (47) Smeets,J (2615)-Marin,M (2534) Porto Carras 2011}) 13... Nb6 14. b3 Bf6 15. Rad1 Qc8 16. Qf3 Re8 17. a4 Qe6 18. Nb5 Qd7 19. Rfe1 Qc6 20. e5 Qxf3 21. gxf3 Rxe5 22. Nxc7 Rd8 23. Bf4 Rxe1+ 24. Rxe1 h5 25. a5 Nc8 26. Nd5 $36 {[%mdl 2048] White has some pressure.} Kh7 27. Re4 Kg6 28. Kf1 Rd7 29. b4 cxb4 (29... Ne7 $11 {remains equal.} 30. Nxf6 Kxf6) 30. Rxb4 (30. a6 $1 $16) 30... Kf5 {[#]} (30... Ne7 $14 31. Nxe7+ (31. Nxf6 Kxf6 32. a6 Ke6 $11) 31... Rxe7) 31. a6 $1 $18 Ke6 {[#]} (31... Ne7 $142 32. Rb7 Nxd5 33. Rxd7 Kxf4) 32. Rb7 $1 Bd8 $2 (32... Bd4 33. Nc7+ Ke7 34. Bg5+ f6) 33. Be3 Bb6 (33... g6 $142 34. Ke2 Ba5) 34. Bxb6 axb6 {[%mdl 4096] Endgame KRN-KRN} 35. Nc7+ Ke5 (35... Ke7 $142 36. Nd5+ Kd8) 36. Nb5 Ke6 37. Nc7+ Ke5 $1 38. Nb5 Ke6 $1 39. Nd4+ {White is clearly winning.} Ke7 40. c4 Kd8 41. Nc6+ Ke8 42. Rb8 Rc7 43. a7 {Precision: White = 63%, Black = 47%.} 1-0

[Event "American Continental-ch 2018"]
[Site "Montevideo"]
[Date "2018.06.05"]
[Round "6"]
[White "El Debs, Felipe De Cresce"]
[Black "Panjwani, Raja"]
[Result "1/2-1/2"]
[WhiteElo "2537"]
[BlackElo "2456"]
[Annotator "TA"]
[PlyCount "112"]
[EventDate "2018.??.??"]
[EventType "swiss"]
[EventCountry "URU"]
[SourceTitle "playchess.com"]
[Source "ChessBase"]
[SourceQuality "1"]

{[%evp 16,112,26,11,15,8,9,3,16,0,6,0,0,0,0,0,16,-63,29,37,44,33,28,27,32,40,42,32,39,38,116,116,118,125,125,125,147,155,143,143,156,156,156,127,127,127,140,127,156,156,156,156,150,132,156,156,156,121,109,120,107,110,119,119,120,116,109,84,112,0,0,0,0,0,0,0,0,0,0,0,0,0,0,0,0,0,0,0,0,0,0,0,0,0,0,0,0,0,0]} 1. e4 c5 2. Nf3 Nc6 3. Bb5 g6 4. Bxc6 bxc6 5. O-O Bg7 6. c3 Nf6 7. Re1 O-O 8. h3 d5 {B31: Sizilianisch (Rossolimo-Variante)} (8... Rb8 9. d4 cxd4 10. cxd4 d6 11. Nc3 Nd7 12. b3 a5 13. Be3 Ba6 14. Qd2 c5 15. Rac1 c4 16. bxc4 Bxc4 {½-½ (61) Harikrishna,P (2753)-Li,C (2751) Huaian 2016}) 9. e5 {LiveBook: 3 Partien} Nd7 10. d4 cxd4 $146 ({Vorgänger:} 10... e6 11. Bg5 Qb6 12. Qc1 Re8 13. Bh6 cxd4 14. Bxg7 Kxg7 15. cxd4 c5 16. Qe3 Ba6 17. b3 Rac8 18. Nc3 Rc7 19. Na4 cxd4 20. Qd2 Qb7 21. Nxd4 Rec8 22. Rac1 Bb5 {½-½ (22) Rasmussen,E (2314)-Kural,A (2349) ICCF email 2014}) 11. cxd4 c5 12. Nc3 cxd4 13. Qxd4 e6 $1 14. b3 f6 15. exf6 $1 Nxf6 {[#] Droht stark ...Se4.} 16. Bb2 (16. Bg5 $11) 16... Ne4 (16... Nh5 $1 $15 17. Qd2 Nf4) 17. Qe3 $1 $11 Qb6 18. Rad1 Qxe3 19. Rxe3 Nxf2 20. Kxf2 {Und Sa4 würde nun gewinnen.} d4 $1 {[%cal Rd4e3]} 21. Red3 dxc3 22. Bxc3 Bxc3 ({Besser ist} 22... e5 $14) 23. Rxc3 $16 Bb7 {[#]} 24. Rd7 $1 Bxf3 25. gxf3 {Schwarz muss nun Tcc7 beachten.} Rf7 26. Rxf7 Kxf7 {[%mdl 4096] Endspiel KT-KT} 27. Rc7+ Kf6 28. Rxh7 a5 29. Rc7 Rd8 30. Ke3 Rd5 31. Rc4 Rh5 32. h4 Rd5 33. Rf4+ Ke7 34. Rg4 Kf6 35. Rg5 {zielt auf Txd5 ab.} e5 36. f4 exf4+ 37. Kxf4 Rd4+ 38. Ke3 Rxh4 39. Rxa5 Rb4 40. Rc5 g5 {[%cal Bg6g5,Bg5g4,Bg4g3][%mdl 32]} 41. Rc4 Rb8 42. b4 ({Lieber} 42. Kf3 $16) 42... Ra8 $11 {Die Stellung ist ausgeglichen.} 43. Rc2 Ke5 44. Kd3 g4 45. Ke3 Kd5 46. b5 g3 47. Kf3 Ra5 48. Rb2 Ra8 49. Rc2 Ra5 (49... g2 {seems wilder.} 50. Rxg2 Ra3+ 51. Kf4 Kc5 52. b6 Kxb6 53. Rg6+ Kb5) 50. Rb2 (50. Rd2+ {with more complications.} Kc5 51. Kxg3 Rxb5 52. Rh2 Rb4 53. Rh5+) 50... Ra8 51. Kxg3 Kc5 52. Kf4 Kb6 53. Ke5 Ra5 54. Kd5 Rxb5+ 55. Rxb5+ Kxb5 56. a4+ Kxa4 {Precision: Weiß = 73%, Schwarz = 79%.} 1/2-1/2

[Event "American Continental-ch 2018"]
[Site "Montevideo"]
[Date "2018.06.05"]
[Round "6"]
[White "Alonso, Salvador"]
[Black "Quintiliano Pinto, Renato R"]
[Result "1/2-1/2"]
[WhiteElo "2519"]
[BlackElo "2423"]
[Annotator "TA"]
[PlyCount "111"]
[EventDate "2018.??.??"]
[EventType "swiss"]
[EventCountry "URU"]
[SourceTitle "playchess.com"]
[Source "ChessBase"]
[SourceQuality "1"]

{[%evp 25,111,17,22,0,0,8,12,0,0,0,24,20,29,21,24,0,0,16,47,0,9,-14,14,0,66,-54,-55,-54,-52,-54,-45,-46,-44,-494,-417,-291,-68,-94,-75,-82,-35,-76,-31,-10,0,-48,-37,-78,-15,-77,-64,-45,-8,-17,-8,-11,-2,-31,0,0,0,0,0,0,0,0,0,0,0,0,0,0,0,0,0,0,0,0,0,0,0,0,0,0,0,0,0,0]} 1. e4 c5 2. Nf3 d6 3. d4 cxd4 4. Nxd4 Nf6 5. Nc3 a6 6. Be3 e5 7. Nf3 Be7 8. Bc4 O-O 9. O-O Be6 10. Bb3 Nc6 {B90: Sicilian Najdorf: Unusual White 6th moves, 6 Be3 Ng4 and 6 Be3 e5} 11. Qe2 Na5 12. Rfd1 Nxb3 13. cxb3 Qe8 {LiveBook: 5 Games} 14. Ne1 {[%cal Bf3e1,Be1c2,Bc2b4][%mdl 32]} Ng4 15. Nc2 f5 {[#]} 16. exf5 $146 ({Predecessor:} 16. f3 Nxe3 17. Nxe3 fxe4 18. Nxe4 {0-1 (50) Carlsen,M (2698)-Karjakin,S (2672) Cap d'Agde 2006}) 16... Bxf5 17. Nb4 Qg6 18. Nbd5 Rae8 19. f3 $36 {[%mdl 2048] Qc4 is the strong threat. White is more active.} Nxe3 20. Nxe7+ Rxe7 21. Qxe3 Ref7 22. Kh1 h5 {[%cal Bh7h5,Bh5h4][%mdl 32]} 23. Rd2 h4 (23... e4 $5) 24. Rg1 Kh8 (24... h3 $11) 25. Ne4 ({White should play} 25. h3 $1 $14) 25... Bxe4 $1 $15 26. fxe4 Rf4 27. Re2 Rf1 28. h3 R8f4 29. Rxf1 $4 {[%mdl 8192]} ({Better is} 29. a4 $15) 29... Rxf1+ {[%mdl 4096] Endgame KQR-KQR} 30. Kh2 {[#]} Kh7 $2 (30... d5 $1 $19 {[%cal Rd5d4][%mdl 512]} 31. Rf2 (31. exd5 {leads to mate.} Qb1 32. Re1 Rxe1 33. Qxe1 Qxe1 34. d6 e4 35. d7 Qd2 36. Kg1 e3 37. b4 Qxd7 38. Kh2 e2 39. g3 e1=Q 40. Kg2 Qxg3+ 41. Kh1 Qdxh3#) 31... d4) 31. Rd2 Qf6 32. b4 Qg6 33. a3 Rf4 34. Re2 Rf1 35. Rd2 Qf6 36. a4 Kg8 (36... b5 $17 37. b3 Rb1) 37. b5 (37. a5 $11 {remains equal.}) 37... axb5 $17 38. axb5 Kh7 39. b6 Qg6 40. Re2 Kg8 41. Rd2 Kh8 42. Rf2 {The position is equal.} Rxf2 43. Qxf2 Qxe4 $11 {White must now prevent ...Qf4+. KQ-KQ} 44. Qf8+ Kh7 {And now ...Qf4+ would win.} 45. Qxd6 Qf4+ 46. Kh1 Qc1+ 47. Kh2 Qg5 48. Qd3+ Kh6 49. Qd5 Qe7 50. Qe4 g6 51. b4 Kg7 52. Kg1 Kh6 53. Kf1 Qg5 54. Ke2 Qf4 55. Qxb7 {Hoping for Qd5.} Qc4+ 56. Kf2 {Precision: White = 54%, Black = 45%.} 1/2-1/2

[Event "American Continental-ch 2018"]
[Site "Montevideo"]
[Date "2018.06.05"]
[Round "6"]
[White "Vera Siguenas, Deivy"]
[Black "Santarius, Erik"]
[Result "1/2-1/2"]
[WhiteElo "2516"]
[BlackElo "2387"]
[Annotator "TA"]
[PlyCount "95"]
[EventDate "2018.??.??"]
[EventType "swiss"]
[EventCountry "URU"]
[SourceTitle "playchess.com"]
[Source "ChessBase"]
[SourceQuality "1"]

{[%evp 19,95,0,30,22,70,25,31,0,0,0,0,0,0,0,0,0,0,0,0,0,0,0,40,40,40,40,40,35,36,35,45,43,37,18,18,18,24,23,21,23,31,24,28,31,37,37,33,17,25,31,59,59,40,31,92,0,0,0,0,0,0,0,0,0,0,0,0,0,0,0,0,0,0,0,0,0,0,0]} 1. e4 c6 2. d4 d5 3. Nc3 {[%cal Bb1c3,Bc3e4,Be4g5][%mdl 32]} dxe4 4. Nxe4 Nd7 5. Ng5 Ngf6 6. Bd3 e6 7. N1f3 Bd6 8. Qe2 h6 9. Ne4 {B17: Caro-Kann: Modern Line (4...Nd7)} Nxe4 10. Qxe4 Qe7 {LiveBook: 4 Games} (10... Qc7 11. O-O b6 12. Qg4 Kf8 13. Re1 c5 14. Qh4 Bb7 15. Be4 Be7 16. Qh3 Bxe4 17. Rxe4 Rd8 18. c3 Qb7 19. Re2 Kg8 {½-½ (75) Duda,J (2707)-Ivanchuk,V (2728) Tbilisi 2017}) 11. O-O {White has an edge.} Nf6 12. Qe2 O-O 13. b3 b6 14. Ne5 $146 ({Predecessor:} 14. a4 Bb7 15. Ne5 c5 16. dxc5 Bxc5 17. Bb2 Rfd8 18. Rad1 Rac8 19. h3 Nd5 {0-1 (35) Zambrana,O (2495)-Aguero Jimenez,L (2263) Havana 2007}) 14... c5 15. dxc5 Bxc5 16. Bb2 Bb7 17. Rad1 Rfd8 18. c4 Rd6 19. Bc2 Rad8 20. Nd3 R6d7 (20... Bd4 {is interesting.} 21. Ba3 Ne4 22. Bxd6 Rxd6 23. Qh5 Nc3) 21. Nxc5 Qxc5 22. Rxd7 Rxd7 23. Rd1 Rxd1+ 24. Qxd1 {Qd8+ is the strong threat.} Be4 25. Bxe4 Nxe4 26. Qd4 Qxd4 27. Bxd4 $11 {[%mdl 4096] Endgame KB-KN} f6 28. f3 Nc5 29. b4 Nd7 30. f4 Kf7 31. Kf2 Ke7 32. Kf3 Kd6 33. Ke4 a5 34. a3 {[%cal Ba2a3,Ba3b4][%mdl 32]} axb4 35. axb4 Kc6 36. g4 b5 37. Kd3 ({Better is} 37. c5 $16) 37... g6 {The position is equal.} 38. h3 f5 39. gxf5 gxf5 40. Kc3 h5 41. Kd3 Nf8 42. Be3 Ng6 43. Kd4 Kb6 44. cxb5 Kxb5 45. Bd2 h4 46. Kc3 e5 47. fxe5 Nxe5 48. Bg5 {Precision: White = 77%, Black = 82%.} 1/2-1/2

[Event "American Continental-ch 2018"]
[Site "Montevideo"]
[Date "2018.06.05"]
[Round "6"]
[White "Hungaski, Robert"]
[Black "Thavandiran, Shiyam"]
[Result "1-0"]
[WhiteElo "2510"]
[BlackElo "2417"]
[Annotator "TA"]
[PlyCount "87"]
[EventDate "2018.??.??"]
[EventType "swiss"]
[EventCountry "URU"]
[SourceTitle "playchess.com"]
[Source "ChessBase"]
[SourceQuality "1"]

{[%evp 17,87,55,77,35,36,27,29,27,24,25,29,-6,34,24,41,32,60,54,84,106,104,83,79,79,104,62,96,86,115,112,172,150,177,170,127,141,142,154,202,52,168,152,153,145,153,112,158,0,0,0,14,8,53,-44,243,240,242,265,259,84,1314,820,784,718,1002,979,940,915,1343,1217,1435,1325]} 1. Nf3 Nf6 2. c4 c5 3. Nc3 e6 4. g3 a6 5. Bg2 Qc7 6. O-O {A30: Symmetrical English: Double Fianchetto and Hedgehog} d6 (6... Nc6 7. d4 cxd4 8. Nxd4 Be7 9. Be3 Ng4 10. Bf4 e5 11. Nd5 Qd8 12. Nxc6 dxc6 13. Nxe7 Qxe7 {0-1 (35) Buhmann,R (2609)-Lubbe,N (2500) Karlsruhe 2017}) 7. b3 Be7 8. Bb2 b6 9. e3 Bb7 {LiveBook: 8 Games} 10. Rc1 O-O 11. d4 Ne4 12. Ne2 Nd7 13. Nf4 Rfe8 $146 ({Predecessor:} 13... Rae8 14. Qe2 Bd8 15. Rfd1 g5 16. Nh5 f5 17. Ne1 cxd4 18. exd4 {1-0 (38) Solana Suarez,E (2316)-Cruz Ramirez,N (1922) Las Palmas 2016}) 14. Ne1 Nef6 15. d5 exd5 16. cxd5 Rac8 17. Nc2 Qb8 18. e4 Bf8 19. Nh5 Nxh5 20. Qxh5 g6 21. Qh4 Ne5 22. Rcd1 Bg7 23. Ba1 c4 (23... Nd7 $16) 24. f4 $1 $18 {[%cal Rf4e5]} cxb3 25. Ne3 Nf3+ 26. Rxf3 ({Don't do} 26. Bxf3 b2 $14) 26... b2 27. Bxb2 $1 Bxb2 28. f5 ({Better is} 28. e5 $18 dxe5 29. fxe5 Qxe5 30. Ng4) 28... Qc7 ({Black should try} 28... Rc7 $1 $14) 29. f6 h5 30. Nf5 $1 Re5 ({Much weaker is} 30... Qc2 31. Rff1 $16) 31. g4 Rxe4 {aiming for ...Kf8.} 32. Ne7+ (32. Rf2 $16 Rb4 33. Qg5) 32... Kf8 $11 {...Qc2 is the strong threat.} 33. Nxc8 Bxc8 34. Qf2 $36 {[%mdl 2048] White has the initiative.} Be5 35. gxh5 (35. h3 $1 $14) 35... gxh5 $2 {[%mdl 8192] [#]} (35... Bg4 $1 $15 {keeps the upper hand.}) 36. Qd2 $1 $18 Qc5+ 37. Kh1 Bg4 38. Rc1 $2 (38. Qh6+ $18 {is more deadly.} Ke8 39. Rff1 Bxd1 40. Bxe4) 38... Rc4 $2 {[%mdl 8192]} (38... Bxf3 $16 39. Rxc5 Bxg2+ 40. Kxg2 Rg4+ 41. Kf3 bxc5) 39. Rff1 {White is clearly winning.} Bf4 {[#]} 40. Qe1 $3 {[%cal Re1e7][%mdl 512] Threatening mate with Qe7+.} Be5 41. Rxc4 Qxc4 42. Qe3 Ke8 43. Qh6 ({Less strong is} 43. Qxb6 Qb5 $18) 43... Be2 44. Rc1 {Precision: White = 56%, Black = 41%.} 1-0

[Event "American Continental-ch 2018"]
[Site "Montevideo"]
[Date "2018.06.05"]
[Round "6"]
[White "Terry, Renato"]
[Black "Coro, Lucas"]
[Result "1-0"]
[WhiteElo "2503"]
[BlackElo "2269"]
[Annotator "TA"]
[PlyCount "71"]
[EventDate "2018.??.??"]
[EventType "swiss"]
[EventCountry "URU"]
[SourceTitle "playchess.com"]
[Source "ChessBase"]
[SourceQuality "1"]

{[%evp 19,71,12,10,6,9,-11,25,32,31,28,53,56,38,44,52,41,43,53,60,50,83,55,62,37,50,48,36,44,58,31,81,0,0,0,0,0,18,15,25,0,0,0,0,0,16,16,16,14,20,20,23,33,852,815]} 1. d4 Nf6 2. Bg5 e6 3. e4 h6 4. Bxf6 Qxf6 5. c3 d6 6. Bd3 g6 {A45: Trompowsky Attack} 7. Ne2 Bg7 8. O-O e5 9. f4 Qe7 10. Nd2 O-O {LiveBook: 45 Games} 11. Nf3 Nd7 12. Qd2 exd4 13. cxd4 c5 14. Rae1 Qd8 15. Kh1 Re8 16. b4 cxd4 17. Nexd4 Nf6 18. e5 dxe5 19. fxe5 Nd5 {[#]} 20. e6 $1 {[%mdl 512]} Bxe6 $1 21. Nxe6 Rxe6 22. Rxe6 fxe6 23. Bxg6 Qf6 24. Bc2 {And now Qd3 would win.} (24. Bb1 {looks sharper.} Rf8 25. Qd3 Qf5 26. Qe2 Qg4 27. a3) 24... Qc3 {[#] Strongly threatening ...Qxd2.} 25. Qxc3 (25. Qe2 $1 $16 {[%cal Re2e6]} Ne3 26. Bd3 Nxf1 27. Qxe6+ Kh8 28. Qg6) 25... Bxc3 $11 26. Bb3 Kg7 27. b5 a6 28. Rc1 {aiming for Bxd5.} Bf6 29. Bxd5 exd5 {[%mdl 4096] Endgame KRB-KRN} 30. Rc7+ Kg6 31. b6 Rb8 32. g4 h5 33. h3 {[%cal Bh2h3,Bh3g4][%mdl 32]} hxg4 34. hxg4 d4 35. Rd7 {[#]} Rd8 $2 {[%mdl 8192] [#]} (35... d3 $1 $14 {[%mdl 512]}) 36. Ne5+ $1 {[%mdl 512] Precision: White = 82%, Black = 47%.} 1-0